000 00356nam a2200145Ia 4500
005 20251222154407.0
008 251222s9999||||xx |||||||||||||| ||spa||
020 _a8470640968
082 _a861.1/R93
100 _a Ruiz, Juan (Arcipeste de Hita)
245 0 _aLibro del Buen Amor
250 _a1ra.ed.
264 _bEditorial Ebro, S.A.
942 _cLIB
999 _c35527
_d35527